000 01290cam a22003497a 4500
001 14681112
003 OSt
005 20160331145337.0
008 061226s1996 ja ab b 000 0 eng d
010 _a 2006438718
020 _a9280809563
035 _a(CStRLIN)NJPG96-B60825
035 _a(NjP)notisCCH8540
035 _a(CStRLIN)NJPG96-B60825
040 _aNjP
_cNjP
_dDLC
042 _alccopycat
050 0 0 _aHD108.3
_b.U58 1995
082 _a333.7
_bPOP 1996
111 2 _aUNU Global Environmental Forum
_n(4th :
_d1995 :
_cOsada, Japan)
_97535
245 1 0 _aPopulation, land management, and environmental change :
_bUNU Global Environmental Forum IV /
_cedited by Juha I. Uitto and Akiko Ono.
260 _aTokyo, Japan :
_bUnited Nations University,
_c1996.
300 _axiii, 89 p. :
_bill. ;
_c25 cm.
504 _aIncludes bibliographical references.
650 0 _aLand use
_xEnvironmental aspects.
_97536
650 0 _aPopulation
_xEnvironmental aspects.
_97537
700 1 _aUitto, Juha I.
_97538
700 1 _aOno, Akiko.
_97539
856 4 1 _3Table of contents only
_uhttp://www.loc.gov/catdir/toc/fy0709/2006438718.html
906 _a7
_bcbc
_ccopycat
_d3
_encip
_f20
_gy-gencatlg
942 _2ddc
_cSLOAN
999 _c3363
_d3363